Estudio de prefactibilidad para mejorar en el sistema de agua potable en Nandaime
Presenta el resultado del estudio de prefactibilidad para mejorar en el sistema de agua potable en Nandaime, se realizó un estudio de mercado para el cálculo de la demanda, oferta anual y futura del servicio de abastecimiento de agua potable por medio de la realización de encuestas personales y...
| Main Author: | |
|---|---|
| Other Authors: | |
| Format: | Tesis Section = Libro |
| Language: | Undetermined Spanish |
| Published: |
Managua
UNI
2009
|
| Subjects: |
| LEADER | 01567nam a2200277Ia 4500 | ||
|---|---|---|---|
| 008 | 240830s9999 xx 000 0 und d | ||
| 040 | |a BIBLIOTECA-RUPAP T.Mon 628.72 R621 | ||
| 041 | |a spa | ||
| 082 | |a T.Mon 628.72 R621 | ||
| 100 | 1 | |a Rivera Madriz, Ronald Francisco | |
| 245 | 1 | 0 | |a Estudio de prefactibilidad para mejorar en el sistema de agua potable en Nandaime |
| 260 | |a Managua |b UNI |c 2009 | ||
| 300 | |a 79 p. :il. | ||
| 500 | |a Contiene: anexos. | ||
| 502 | |a Tesis (Ingeniero Civil)- UNI, 2009. | ||
| 520 | 3 | |a Presenta el resultado del estudio de prefactibilidad para mejorar en el sistema de agua potable en Nandaime, se realizó un estudio de mercado para el cálculo de la demanda, oferta anual y futura del servicio de abastecimiento de agua potable por medio de la realización de encuestas personales y la proyección de la demanda a través del método geométrico, posteriormente se realizó el diseño con el objetivo de determinar la cantidad necesaria de obras a construir tales como pozos, líneas de conducción, distribución y capacidad de almacenaje, un estudio financiero y económico con el objetivo de valorar la rentabilidad del proyecto por medio de la VAN y la TIR para la institución ejecutora. | |
| 650 | 7 | |a ABASTECIMIENTO DE AGUA | |
| 650 | 7 | |b AGUA POTABLE | |
| 650 | 7 | |c SISTEMA DE ABASTECIMIENTO DE AGUA | |
| 650 | 7 | |d ESTUDIO DE MERCADO | |
| 650 | 7 | |e ESTUDIO TECNICO | |
| 650 | 7 | |f ESTUDIO FINANCIERO | |
| 700 | 1 | |a Tutor: |b Gutiérrez Mendoza, Carlos Antonio | |
| 942 | |c BK |2 ddc | ||
| 991 | |a TESIS | ||
| 999 | |c 18466 | ||